000 01376cam a22003974c 4500
001 198540
003 SpMaBN
005 20260629221309.0
008 260624s2011 sp a | |||| 000 0 spa
015 _aMON11
017 _aGR 1905-2011
_bOficina Depósito Legal Granada
020 _a9788498368369
035 _a(OCoLC)776603865
035 _a(SpMaBN)a5089713
040 _aSpMaBN
_bspa
_cSpMaBN
_erdc
080 _a81'246.3(4-672 UE)
080 _a81'272(4-672 UE)
100 1 _aFernández Vítores, David
_d1971-
_9243299
245 1 3 _aLa Europa de Babel
_cDavid Fernández Vítores
260 _aGranada
_bComares
_c2011
300 _aXXIV, 282 p.
_bgráf.
_c24 cm
336 _2rdacontent
_atexto
337 _2rdamedia
_asin mediación
338 _2rdacarrier
_avolumen
490 0 _aInterlingua
_v98
500 _aRegistro provisional. DJ-51. Depósito J
504 _aBibliografía: p. [257]-282
650 7 _aMultilingüismo
_zPaíses de la Unión Europea
_2embne
_9243300
651 7 _aPaíses de la Unión Europea
_xPolítica lingüística
_2embne
_9243301
852 _aES-MaACL
_cDEPOJ
_jDJ-51
_hDonación: José Lázaro García
_xEncuadernación rustica con solapas
_zEn proceso
901 _aMON1108
942 _2udc
_cMONOGRAFIA
_n0
956 _a2
999 _c198540
_d198540